| 000 | 00964mam a2200277 a 4500 | ||
|---|---|---|---|
| 008 | |||
| 020 | _a9783598220357 (hbk.) | ||
| 049 | _aMAIN | ||
| 090 |
_aREF ZA3155 _bWOR |
||
| 245 | 1 | 0 |
_aWorld guide to library, archive, and information science education / _cedited by Axel Schniederjurgen. |
| 250 | _a3rd ed. | ||
| 260 |
_aMunchen : _bK. G. Saur, _c2007. |
||
| 300 |
_a560 p. ; _c22 cm. |
||
| 440 | 0 | _aIFLA publications 128-129. | |
| 500 | _aIncludes indexes. | ||
| 650 | 0 |
_aLibrary science _xSocieties, etc. _xDirectories. |
|
| 650 | 0 |
_aInformation science _xSocieties, etc. _xDirectories. |
|
| 650 | 0 |
_aArchives _xSocieties, etc. _xDirectories. |
|
| 700 | 1 | _aSchniederjurderjurgen, Axel. | |
| 710 | 2 | _aInternational Federation of Library Associations and Institutions. | |
| 907 |
_a.b10323612 _b06-12-12 _c05-12-12 |
||
| 003 | |||
| 005 | 20230120191435.0 | ||
| 040 | _cNUST | ||
| 942 |
_cBOOKS _kREF ZA3155 _mWOR |
||
| 999 |
_c101176 _d101176 |
||